00254nam a2200097 a 450000500170000000800410001705000170005810000210007524500240009626000360012020140414131921.0101022s19uu xx 00 eng d aERbT11 1952 aJackson, Kathryn aTawny scrawny lion. aNew York :bGolden Book,c1952.